000 00872nam a22002297a 4500
003 OSt
005 20250414084808.0
008 240827b ||||| |||| 00| 0 eng d
040 _c0
082 _aDPer 570 J826 2021 v. 53 n. 1-5.
100 _aWyner, Yael.
_eauthor.
_959042
245 _aConnecting ecology to daily life :
_bhow students and teachers relate food webs to food they eat /
_cYael Wyner, and Erica Blatt.
260 _aUnited Kingdom ;
_bTaylor & Francis Group,
_cApril 2019.
300 _avolume 53, pages 128-149,
_billustration.
500 _aJournal of Biological Education, v. 53 n. 2, pages 128-149, April 2019.
650 0 _aEcology learning.
_966421
650 0 _aenvironmental education.
_966422
650 0 _ascience education.
_966423
700 _aWyner, Yael.
_eauthor.
_959042
700 _aBlatt, Erica.
_eauthor.
_959043
942 _2ddc
_cPER
999 _c20922
_d20922